| 000 | 00492cam a22001457a 4500 | ||
|---|---|---|---|
| 008 | 180718b1984 xxu||||| |||| 00| 0 eng d | ||
| 082 | _aAPPPA 83-84 SAX/D | ||
| 100 | _aSaxena, Dolly | ||
| 245 |
_aRole of the Indian council for child welfare and state policy for children in India _cby Dolly Saxena |
||
| 260 |
_aNew Delhi _bIndian Institute of Public Administration _c1984 |
||
| 300 | _a105p. | ||
| 650 | _aState policy-Children-India | ||
| 650 | _aChild welfare | ||
| 650 | _aIndian council | ||
| 999 |
_c501279 _d501279 |
||